[Event "Satka Autumn op (Women)"]
[Site "Satka"]
[Date "2018.09.19"]
[Round "9"]
[White "Smirnova, Ekaterina"]
[Black "Simakova, Elena"]
[Result "1-0"]
[WhiteElo "2202"]
[BlackElo "1935"]
[PlyCount "79"]
[EventDate "2018.09.11"]
[EventType "swiss"]
[EventRounds "9"]
[EventCountry "RUS"]
[SourceTitle "CBM 186 Extra"]
[Source "ChessBase"]
[SourceDate "2018.08.24"]
[SourceVersion "1"]
[SourceVersionDate "2018.08.24"]
[SourceQuality "1"]

1. d4 Nf6 2. c4 e6 3. Nc3 Bb4 4. a3 Bxc3+ 5. bxc3 c5 6. f3 Nc6 7. e4 d6 8. Be3 Qa5 9. Qd2 e5 10. d5 Ne7 11. Bd3 Bd7 12. Ne2 Ng6 13. 0-0 0-0-0 14. a4 Kb8 15. Rfb1 Ka8 16. Nc1 Rb8 17. Nb3 Qc7 18. a5 h5 19. Qf2 Rhc8 20. Nd2 h4 21. Bf1 Rh8 22. Rb6 Be8 23. Nb1 Nd7 24. Rb3 Nf6 25. Na3 Qd8 26. Nb5 Rc8 27. Qb2 Qe7 28. Rb1 Bxb5 29. cxb5 Rcd8 30. b6 a6 31. Bxa6 bxa6 32. b7+ Kb8 33. Rb6 Ne8 34. Rxa6 Nc7 35. Rc6 Rd7 36. a6 Nxa6 37. Rxa6 Rxb7 38. Rb6 Rxb6 39. Qxb6+ Kc8 40. Qb8+ 1-0

[Event "Satka Autumn op (Women)"]
[Site "Satka"]
[Date "2018.09.17"]
[Round "7"]
[White "Simakova, Elena"]
[Black "Nasybullina, Dayana"]
[Result "1/2-1/2"]
[WhiteElo "1935"]
[BlackElo "1809"]
[PlyCount "80"]
[EventDate "2018.09.11"]
[EventType "swiss"]
[EventRounds "9"]
[EventCountry "RUS"]
[SourceTitle "CBM 186 Extra"]
[Source "ChessBase"]
[SourceDate "2018.08.24"]
[SourceVersion "1"]
[SourceVersionDate "2018.08.24"]
[SourceQuality "1"]

1. e4 e6 2. d4 d5 3. Nd2 dxe4 4. Nxe4 Nd7 5. Nf3 Ngf6 6. Nxf6+ Nxf6 7. c3 Be7 8. Bd3 0-0 9. 0-0 b6 10. Qe2 Bb7 11. Bg5 h6 12. Bh4 Qd5 13. Bc4 Qh5 14. Bg3 c5 15. Rad1 cxd4 16. Rxd4 Rfd8 17. Rfd1 Rxd4 18. Rxd4 Bc5 19. Rd1 Ne4 20. Nd4 Nxg3 21. hxg3 Qxe2 22. Nxe2 Bc6 23. b4 Be7 24. b5 Be8 25. a4 Rd8 26. Rxd8 Bxd8 27. Nd4 Kf8 28. Kf1 Bf6 29. Nc6 Bxc6 30. bxc6 Ke7 31. Bb5 Kd6 32. c4 Bd4 33. Ke2 a6 34. Bxa6 Kxc6 35. g4 Kd6 36. Bb5 Bc5 37. Be8 Ke7 38. Bb5 Kd6 39. Be8 Ke7 40. Bb5 Kd6 1/2-1/2

[Event "Cheliabinsk Kibizov Memorial-A"]
[Site "Cheliabinsk"]
[Date "2018.06.28"]
[Round "8"]
[White "Denikina, Natalia"]
[Black "Simakova, Elena"]
[Result "1/2-1/2"]
[WhiteElo "2161"]
[BlackElo "1953"]
[PlyCount "47"]
[EventDate "2018.06.21"]
[EventType "tourn"]
[EventRounds "9"]
[EventCountry "RUS"]
[SourceTitle "CBM 185 Extra"]
[Source "ChessBase"]
[SourceDate "2018.07.29"]
[SourceVersion "1"]
[SourceVersionDate "2018.07.29"]
[SourceQuality "1"]

1. e4 c5 2. Nf3 Nc6 3. d4 cxd4 4. Nxd4 g6 5. c4 Bg7 6. Be3 Nf6 7. Nc3 Ng4 8. Qxg4 Nxd4 9. Qd1 Ne6 10. Qd2 Qa5 11. Rc1 b6 12. Bd3 Bb7 13. b3 Rd8 14. Nd5 Qxd2+ 15. Kxd2 g5 16. b4 d6 17. h4 h6 18. Be2 Bb2 19. Rb1 Be5 20. g3 Rc8 21. Rbc1 Bb2 22. Rb1 Be5 23. Rbc1 Bb2 24. Rb1 1/2-1/2

[Event "Cheliabinsk Kibizov Memorial-A"]
[Site "Cheliabinsk"]
[Date "2018.06.26"]
[Round "6"]
[White "Prudnikova, Svetlana"]
[Black "Simakova, Elena"]
[Result "1/2-1/2"]
[WhiteElo "2252"]
[BlackElo "1953"]
[PlyCount "89"]
[EventDate "2018.06.21"]
[EventType "tourn"]
[EventRounds "9"]
[EventCountry "RUS"]
[SourceTitle "CBM 185 Extra"]
[Source "ChessBase"]
[SourceDate "2018.07.29"]
[SourceVersion "1"]
[SourceVersionDate "2018.07.29"]
[SourceQuality "1"]

1. Nf3 Nf6 2. c4 c5 3. Nc3 Nc6 4. d4 cxd4 5. Nxd4 g6 6. e4 d6 7. Be2 Bg7 8. Be3 0-0 9. 0-0 Bd7 10. Qd2 Nxd4 11. Bxd4 Bc6 12. Bd3 Nd7 13. Bxg7 Kxg7 14. Kh1 a6 15. f4 Rb8 16. Rfe1 b5 17. cxb5 axb5 18. b4 Qc7 19. Bf1 Rfc8 20. Rac1 Qb7 21. a4 Nf6 22. e5 dxe5 23. axb5 Bd5 24. fxe5 Ne4 25. Nxe4 Bxe4 26. e6 Rxc1 27. Rxc1 f6 28. Qd7 Qxd7 29. exd7 Rd8 30. Rd1 Kf7 31. b6 Bb7 32. Bb5 e6 33. Kg1 Ke7 34. Ra1 Rb8 35. Kf2 Bd5 36. Rc1 Bb7 37. g4 e5 38. Ke3 f5 39. gxf5 gxf5 40. Rg1 Kf6 41. Rd1 Ke7 42. Rg1 Kf6 43. Rd1 Ke7 44. Rg1 Kf6 45. Rd1 1/2-1/2

[Event "RUS-chT (Women)"]
[Site "Sochi"]
[Date "2018.05.04"]
[Round "4.5"]
[White "Simakova, Elena"]
[Black "Wagner, Dinara"]
[Result "0-1"]
[WhiteElo "1948"]
[BlackElo "2301"]
[PlyCount "134"]
[EventDate "2018.05.01"]
[EventType "team-tourn"]
[EventRounds "9"]
[EventCountry "RUS"]
[SourceTitle "CBM 184 Extra"]
[Source "ChessBase"]
[SourceDate "2018.06.28"]
[SourceVersion "1"]
[SourceVersionDate "2018.06.28"]
[SourceQuality "1"]
[WhiteTeam "Yuzhnyy Ural (W) II"]
[BlackTeam "Moscow Devyataya Gorizontal (W)"]
[WhiteTeamCountry "RUS"]
[BlackTeamCountry "RUS"]

1. e4 c5 2. Nf3 e6 3. c3 d5 4. e5 b6 5. d4 Qd7 6. Nbd2 Be7 7. Qc2 Nh6 8. Bd3 Ba6 9. Bxa6 Nxa6 10. 0-0 Rc8 11. Nb3 Nf5 12. Qe2 Nb8 13. Bg5 Bxg5 14. Nxg5 h6 15. Nf3 0-0 16. h3 Rc7 17. g4 Ne7 18. Nh4 cxd4 19. Nxd4 Rc4 20. Rad1 Nec6 21. f4 Nxd4 22. cxd4 Rfc8 23. f5 Rc2 24. Rd2 Rc1 25. Kh2 Qc7 26. Rxc1 Qxc1 27. fxe6 fxe6 28. Ng6 Rc7 29. Qd3 Qc4 30. Qe3 Rf7 31. g5 Qf1 32. Nh4 hxg5 33. Qxg5 Nc6 34. Ng2 Rf2 35. h4 Rxd2 36. Qxd2 Qc4 37. Nf4 Qxd4 38. Qxd4 Nxd4 39. Kg3 Kf7 40. Kg4 Nc6 41. Nd3 Kg6 42. Nf4+ Kh6 43. Nxe6 Nxe5+ 44. Kf5 Nd3 45. Nc7 Kh5 46. Nxd5 Kxh4 47. Kg6 Nxb2 48. Kxg7 Kg4 49. Kf6 Nc4 50. Ke6 Kf3 51. Nc3 Ke3 52. Nb5 a5 53. Kd5 Kd3 54. Kc6 a4 55. Kd5 Na5 56. a3 Kc2 57. Kd4 Kb3 58. Kd5 Kb2 59. Kd4 Kc2 60. Ke4 Kb2 61. Kd4 Kb3 62. Kd5 Ka2 63. Kd4 Kb2 64. Ke4 Nc4 65. Kd5 Nxa3 66. Nd4 Nc2 67. Nb5 a3 0-1

[Event "Satka Autumn op"]
[Site "Satka"]
[Date "2017.09.20"]
[Round "9"]
[White "Chan, Naruna"]
[Black "Simakova, Elena"]
[Result "1-0"]
[WhiteElo "1951"]
[BlackElo "1951"]
[PlyCount "105"]
[EventDate "2017.09.12"]
[EventType "swiss"]
[EventRounds "9"]
[EventCountry "RUS"]
[SourceTitle "CBM 180 Extra"]
[Source "ChessBase"]
[SourceDate "2017.10.06"]
[SourceVersion "1"]
[SourceVersionDate "2017.10.06"]
[SourceQuality "1"]

1. e4 c5 2. c3 d5 3. exd5 Qxd5 4. d4 Nf6 5. Nf3 e6 6. Be3 cxd4 7. cxd4 Be7 8. Nc3 Qd6 9. Bd3 0-0 10. 0-0 Nc6 11. a3 b6 12. Rc1 Bb7 13. Bb1 Rac8 14. Qd3 Rfd8 15. Rfd1 g6 16. Ba2 Kg7 17. Qe2 Nd5 18. Nxd5 exd5 19. h4 Kg8 20. h5 Re8 21. Qd2 Bf6 22. Bf4 Qd7 23. Bg5 Bh8 24. Rc3 Re4 25. Bb1 Re6 26. Qf4 Qc7 27. Qh4 f6 28. Bf4 Qf7 29. Qg3 Ne7 30. Nh4 Rxc3 31. bxc3 g5 32. Nf5 Qxh5 33. Rc1 Bg7 34. Be3 Nxf5 35. Bxf5 Re8 36. Bd7 Rf8 37. Qc7 Ba6 38. Qxa7 Bc4 39. Bf5 b5 40. Qd7 Qe8 41. Qd6 Kh8 42. Qh2 h6 43. Qh3 Qf7 44. Be6 Qe7 45. Bf5 Qf7 46. Ra1 Ra8 47. g3 Bf8 48. Kg2 Kg7 49. Rh1 h5 50. Bg4 h4 51. gxh4 gxh4 52. Bh6+ Kg8 53. Be6 1-0

[Event "RUS-chT (Women)"]
[Site "Sochi"]
[Date "2017.05.10"]
[Round "9.3"]
[White "Styazhkina, Anna"]
[Black "Simakova, Elena"]
[Result "1-0"]
[WhiteElo "2250"]
[BlackElo "1930"]
[PlyCount "97"]
[EventDate "2017.05.01"]
[EventType "team-tourn"]
[EventRounds "9"]
[EventCountry "RUS"]
[SourceTitle "CBM 178 Extra"]
[Source "ChessBase"]
[SourceDate "2017.06.22"]
[SourceVersion "1"]
[SourceVersionDate "2017.06.22"]
[SourceQuality "1"]
[WhiteTeam "St Petersburg SHSH (W)"]
[BlackTeam "Cheliabinsk Yuzhnyy Ural (W)"]
[WhiteTeamCountry "RUS"]
[BlackTeamCountry "RUS"]

1. e4 c5 2. Nf3 Nc6 3. d4 cxd4 4. Nxd4 g6 5. c4 Bg7 6. Be3 Nf6 7. Nc3 Ng4 8. Qxg4 Nxd4 9. Qd1 Ne6 10. Qd2 Qa5 11. Rc1 b6 12. Be2 Bb7 13. f3 d6 14. b3 0-0 15. Nd5 Qxd2+ 16. Kxd2 Rae8 17. g4 f5 18. gxf5 gxf5 19. Rhg1 Kh8 20. b4 Nd4 21. Bd1 e5 22. a4 Rf7 23. h4 Re6 24. Ra1 Bh6 25. a5 Bxe3+ 26. Kxe3 bxa5 27. Rxa5 f4+ 28. Kf2 Rg6 29. Rxg6 hxg6 30. Ba4 a6 31. c5 dxc5 32. Rxc5 Kg7 33. Nb6 Re7 34. Kg2 Ne6 35. Rxe5 Kf6 36. Ra5 Rh7 37. Nd5+ Kf7 38. Bb3 Bc8 39. Nxf4 Rxh4 40. Nxe6 Bxe6 41. Bxe6+ Kxe6 42. Rxa6+ Kf7 43. Kg3 Rh1 44. Kf4 Rb1 45. Rb6 Rb3 46. b5 g5+ 47. Kg4 Ke7 48. Rb8 Kd6 49. Rd8+ 1-0

[Event "RUS-chT (Women)"]
[Site "Sochi"]
[Date "2017.05.03"]
[Round "3.4"]
[White "Shuvalova, Polina"]
[Black "Simakova, Elena"]
[Result "1/2-1/2"]
[WhiteElo "2385"]
[BlackElo "1930"]
[PlyCount "81"]
[EventDate "2017.05.01"]
[EventType "team-tourn"]
[EventRounds "9"]
[EventCountry "RUS"]
[SourceTitle "CBM 178 Extra"]
[Source "ChessBase"]
[SourceDate "2017.06.22"]
[SourceVersion "1"]
[SourceVersionDate "2017.06.22"]
[SourceQuality "1"]
[WhiteTeam "Moscow Legacy Square (W)"]
[BlackTeam "Cheliabinsk Yuzhnyy Ural (W)"]
[WhiteTeamCountry "RUS"]
[BlackTeamCountry "RUS"]

1. d4 Nf6 2. c4 e6 3. g3 d5 4. Nf3 dxc4 5. Bg2 Nc6 6. Qa4 Bb4+ 7. Bd2 Nd5 8. Bxb4 Ndxb4 9. 0-0 Rb8 10. Nc3 a6 11. Ne5 0-0 12. Nxc6 Nxc6 13. Bxc6 bxc6 14. Qxc4 Rxb2 15. Rab1 Rxb1 16. Rxb1 Qd6 17. a4 Re8 18. Rb8 e5 19. dxe5 Qxe5 20. Qxc6 Bd7 21. Rxe8+ Bxe8 22. Qc4 h6 23. Kg2 Bd7 24. f3 Be6 25. Qc6 Kf8 26. Ne4 Bd5 27. Qc5+ Kg8 28. Kf2 c6 29. Nc3 Qe6 30. e4 Bc4 31. f4 Bd3 32. Qd4 Bc2 33. f5 Qb3 34. Ke3 Qa3 35. Kd2 Qb2 36. Ke1 Bxa4 37. Qd8+ Kh7 38. Nxa4 Qb4+ 39. Kf2 Qxa4 40. Qe7 Qa2+ 41. Kf3 1/2-1/2

[Event "Wch U16 Girls"]
[Site "Khanty-Mansiysk"]
[Date "2016.09.26"]
[Round "5"]
[White "Simakova, Elena"]
[Black "Alinasab, Mobina"]
[Result "0-1"]
[WhiteElo "1860"]
[BlackElo "2230"]
[PlyCount "68"]
[EventDate "2016.09.22"]
[EventType "swiss"]
[EventRounds "11"]
[EventCountry "RUS"]
[SourceTitle "EXT 2017"]
[Source "ChessBase"]
[SourceDate "2016.10.25"]
[SourceVersion "1"]
[SourceVersionDate "2016.10.25"]
[SourceQuality "1"]

1. e4 e6 2. d4 d5 3. Nd2 Be7 4. Bd3 c5 5. dxc5 Nf6 6. e5 Nfd7 7. Ndf3 Nc6 8. Bf4 Nxc5 9. Be2 Qb6 10. Qc1 Ne4 11. Nh3 h6 12. Nd2 Nxd2 13. Qxd2 Qxb2 14. 0-0 Qb6 15. Rab1 Qc7 16. Qe3 b6 17. Bb5 Bd7 18. c4 d4 19. Qe4 Bc5 20. g4 0-0-0 21. f3 Qb7 22. Bd2 a6 23. Ba4 d3+ 24. Nf2 Nxe5 25. Qxe5 Bxa4 26. Be3 f6 27. Qxc5+ bxc5 28. Rxb7 Kxb7 29. Bxc5 d2 30. Nd1 Kc6 31. Be3 Bxd1 32. Rxd1 Rd3 33. Kf2 Rhd8 34. Ke2 Ra3 0-1

[Event "Satka Autumn op (Women)"]
[Site "Satka"]
[Date "2015.09.29"]
[Round "8"]
[White "Filippova, Margarita"]
[Black "Simakova, Elena"]
[Result "1/2-1/2"]
[WhiteElo "1718"]
[BlackElo "1761"]
[PlyCount "65"]
[EventDate "2015.09.22"]
[EventType "swiss"]
[EventRounds "9"]
[EventCountry "RUS"]
[SourceTitle "CBM 168 Extra"]
[Source "ChessBase"]
[SourceDate "2015.10.29"]
[SourceVersion "1"]
[SourceVersionDate "2015.10.29"]
[SourceQuality "1"]

1. d4 Nf6 2. c4 g6 3. Nc3 Bg7 4. Nf3 d6 5. h3 Nbd7 6. Bf4 0-0 7. e3 Re8 8. Bh2 h6 9. Be2 Nh7 10. 0-0 e5 11. Rc1 f5 12. dxe5 Nxe5 13. Qb3 Kh8 14. Rfd1 Qe7 15. Nd5 Qf7 16. a3 Nf6 17. Qc2 Ne4 18. Nxe5 dxe5 19. Nc3 Nxc3 20. Qxc3 e4 21. Qc2 Be6 22. Rd2 Red8 23. Rcd1 Bf6 24. Qb3 Rxd2 25. Rxd2 c6 26. Qa4 a6 27. Qb4 Qe7 28. Bd6 Qf7 29. Bh2 Qe7 30. Bd6 Qf7 31. Bh2 Qe7 32. Bd6 Qf7 33. Bh2 1/2-1/2

[Event "Satka Autumn op (Women)"]
[Site "Satka"]
[Date "2015.09.26"]
[Round "5"]
[White "Simakova, Elena"]
[Black "Trapeznikova, Darya"]
[Result "0-1"]
[WhiteElo "1761"]
[BlackElo "2092"]
[PlyCount "74"]
[EventDate "2015.09.22"]
[EventType "swiss"]
[EventRounds "9"]
[EventCountry "RUS"]
[SourceTitle "CBM 168 Extra"]
[Source "ChessBase"]
[SourceDate "2015.10.29"]
[SourceVersion "1"]
[SourceVersionDate "2015.10.29"]
[SourceQuality "1"]

1. e4 Nf6 2. e5 Nd5 3. c4 Nb6 4. d4 d6 5. exd6 cxd6 6. Nf3 Bg4 7. h3 Bh5 8. Be2 Nc6 9. b3 e6 10. Bb2 Be7 11. Nbd2 0-0 12. 0-0 Bg6 13. a3 a5 14. Rc1 Bf6 15. Re1 Nd7 16. Bf1 Nc5 17. Re3 Rc8 18. Ba1 Nd7 19. Ne4 Bxe4 20. Rxe4 d5 21. cxd5 exd5 22. Re3 Qb6 23. Bd3 Rfd8 24. Bb1 Nf8 25. Bf5 Rc7 26. h4 g6 27. Bh3 Bg7 28. Qc2 Bh6 29. Ng5 f6 30. Be6+ Kg7 31. f4 Re7 32. Rce1 Nxd4 33. Qc3 Bxg5 34. fxg5 Nfxe6 35. Rxe6 Rxe6 36. gxf6+ Kf7 37. Rxe6 Nxe6+ 0-1

[Event "Satka-ch"]
[Site "Satka"]
[Date "2014.12.20"]
[Round "4"]
[White "Nasybullina, Dayana"]
[Black "Simakova, Elena"]
[Result "1/2-1/2"]
[WhiteElo "1421"]
[BlackElo "1730"]
[PlyCount "64"]
[EventDate "2014.12.17"]
[EventType "swiss"]
[EventRounds "9"]
[EventCountry "RUS"]
[SourceTitle "EXT 2023"]
[Source "ChessBase"]
[SourceDate "2022.10.05"]
[SourceVersion "1"]
[SourceVersionDate "2022.10.05"]
[SourceQuality "1"]

1. e4 e5 2. Nf3 Nc6 3. Bc4 Be7 4. c3 Nf6 5. d3 d6 6. h3 0-0 7. 0-0 Na5 8. Bb3 Nxb3 9. axb3 h6 10. Be3 a6 11. Nbd2 Nh7 12. d4 exd4 13. Nxd4 f5 14. exf5 Bxf5 15. Nxf5 Rxf5 16. Qc2 Qd7 17. Nf3 Ng5 18. Nd4 Rf7 19. Bxg5 Bxg5 20. Rae1 Re8 21. Re2 Rxe2 22. Qxe2 Qe7 23. Re1 Qxe2 24. Rxe2 Re7 25. Rxe7 Bxe7 26. Ne6 c5 27. Kf1 Kf7 28. Nf4 Bg5 29. Nd3 Ke6 30. f4 Bf6 31. Ke2 Kd5 32. Ke3 b5 1/2-1/2

[Event "RUS-chT U20"]
[Site "Kolomna"]
[Date "2014.08.06"]
[Round "5"]
[White "Simakova, Elena"]
[Black "Alieva, Alexandra"]
[Result "0-1"]
[WhiteElo "1614"]
[BlackElo "1945"]
[PlyCount "57"]
[EventDate "2014.08.02"]
[EventType "swiss"]
[EventRounds "9"]
[EventCountry "RUS"]
[SourceTitle "EXT 2016"]
[Source "ChessBase"]
[SourceDate "2015.10.08"]
[SourceVersion "1"]
[SourceVersionDate "2015.10.08"]
[SourceQuality "1"]

1. e4 c5 2. Nc3 Nc6 3. g3 g6 4. Bg2 Bg7 5. Nge2 e5 6. d3 d6 7. Be3 Nge7 8. Qd2 h6 9. f4 Rb8 10. a4 a6 11. 0-0 b5 12. axb5 axb5 13. Nd5 exf4 14. Bxf4 Bxb2 15. c3 Nxd5 16. Qxb2 Nxf4 17. Nxf4 0-0 18. d4 cxd4 19. Nxg6 fxg6 20. Qb3+ Kg7 21. e5 Nxe5 22. cxd4 Qb6 23. Qe3 Bf5 24. Rae1 Nc4 25. Qc3 Qa5 26. Qc1 Qd2 27. Qxd2 Nxd2 28. Rf2 Nc4 29. Bd5 0-1

[Event "Satka-ch Rating"]
[Site "Satka"]
[Date "2013.12.18"]
[Round "8"]
[White "Simakova, Elena"]
[Black "Buldakova, Irina"]
[Result "1/2-1/2"]
[WhiteElo "1678"]
[BlackElo "1720"]
[PlyCount "86"]
[EventDate "2013.12.09"]
[EventType "swiss"]
[EventRounds "9"]
[EventCountry "RUS"]
[SourceTitle "EXT 2016"]
[Source "ChessBase"]
[SourceDate "2015.10.08"]
[SourceVersion "1"]
[SourceVersionDate "2015.10.08"]
[SourceQuality "1"]

1. e4 e6 2. d4 d5 3. exd5 exd5 4. c4 Nf6 5. Nf3 c6 6. cxd5 Nxd5 7. Bc4 Be7 8. Nc3 Nb6 9. Bb3 0-0 10. Be3 Bg4 11. h3 Bh5 12. g4 Bg6 13. h4 Bb4 14. Ne5 Be4 15. f3 Bd5 16. Bc2 f6 17. Qd3 f5 18. gxf5 N8d7 19. Bg5 Qe8 20. f6 g6 21. 0-0-0 Nxe5 22. dxe5 Qxe5 23. Rde1 Qg3 24. Re3 Bc4 25. Qe4 Kf7 26. a3 Bc5 27. Ree1 Rfe8 28. Bf4 Qf2 29. Be5 Rad8 30. Rh2 Qxh2 31. Bxh2 Rxe4 32. Nxe4 Bd4 33. Ng5+ Kxf6 34. Nxh7+ Kg7 35. Re7+ Kg8 36. Bxg6 Bxb2+ 37. Kxb2 Rd2+ 38. Kb1 Rxh2 39. Rxb7 Rh1+ 40. Kc2 Rh2+ 41. Kb1 Ba2+ 42. Ka1 Bc4 43. Kb1 Rh1+ 1/2-1/2